000 00645nam a2200181Ia 4500
008 090630s9999 xx 000 0 und d
082 _b13524
100 _aवाळिंबे शरच्चंद्र.
245 _aहाराकारी.
_cवाळिंबे शरच्चंद्र.
260 _bमनोरमा - मुंबई.
300 _a200
600 _aवाळिंबे शरच्चंद्र.
630 _aहाराकारी.
655 _aकादंबरी.
700 _aवाळिंबे शरच्चंद्र.
730 _aहाराकारी.
942 _cBOOK
999 _c265380
_d265380